| 000 | 00540nam a22001817a 4500 | ||
|---|---|---|---|
| 999 |
_c172732 _d172732 |
||
| 005 | 20200212113506.0 | ||
| 010 | _aENG-127700 | ||
| 020 |
_c450.00 _a9789387707498 |
||
| 035 | _aEN-111232 | ||
| 037 | _bDBAD/PUB | ||
| 082 | _aN | ||
| 100 | _aElangovan | ||
| 245 |
_aAlamaki/ _cby Elangovan |
||
| 260 |
_aChennai _c2018 _bZero Degree Publishing |
||
| 270 |
_a12/7,Bay Line Apatments 2nd Cross street,R.K. Nagar,Thiruvanmiyur, _e110091 _bChennai _mzerodegreepublishing@gmail.com |
||
| 300 |
_a255p. _b22cm(pbk) |
||
| 942 |
_2ddc _cEN _hN _mELA |
||